| 000 | 00944nam a22002777a 4500 | ||
|---|---|---|---|
| 001 | 1925 | ||
| 003 | BD-RjUL | ||
| 005 | 20211208233437.0 | ||
| 008 | 131209m19721953xxub|||| |||| 001 0 eng d | ||
| 035 |
_a(BD-RjUL)1952 _a(OCoLC)539936 |
||
| 040 |
_aBD-RjUL _beng _cBD-RjUL |
||
| 041 | _aeng | ||
| 082 | 0 | 4 |
_bBRU 1972 _221 _a954.04 |
| 100 | 1 |
_a Brown, W. Norman _95871 |
|
| 245 | 1 | 4 |
_aThe United States and India, Pakistan, Bangladesh / _cW Norman Brown |
| 250 | _a3rd ed. | ||
| 260 |
_aCambridge : _bHarvard University Press, _c1972. |
||
| 300 |
_aix, 462 p. : _bill. ; _c25 cm. |
||
| 490 | _aAmerican foreign policy library. | ||
| 504 | _aInclude index. | ||
| 650 |
_aIndia -- History -- 1947- _96360 |
||
| 650 |
_aPakistan -- History. _96361 |
||
| 650 |
_aBangladesh -- History _96362 |
||
| 856 |
_3WorldCat _uhttp://www.worldcat.org/title/united-states-and-india-pakistan-bangladesh/oclc/539936&referer=brief_results |
||
| 942 |
_2ddc _cBK |
||
| 999 |
_c1925 _d1925 |
||